Países que contienen la letra O - Estadísticas

Estadísticas generales
  • Esta prueba ha sido intentada 67 veces
    62 desde el último reinicio
  • La puntuación promedio es 59 de 73
Estadísticas de respuestas
País % Correcto
Estados Unidos
100%
México
97%
Noruega
97%
Omán
97%
Egipto
95%
Polonia
92%
República del Congo
92%
República Democrática del Congo
92%
Bolivia
89%
Bosnia y Herzegovina
89%
Colombia
89%
Estonia
89%
Japón
89%
Kosovo
89%
Moldavia
89%
Portugal
89%
Reino Unido
89%
Togo
89%
Andorra
86%
Corea del Norte
86%
Corea del Sur
86%
Ecuador
86%
El Salvador
86%
Emiratos Árabes Unidos
86%
Letonia
86%
Bielorrusia
84%
Botsuana
84%
Lesoto
84%
Líbano
84%
Croacia
81%
Eslovenia
81%
Laos
81%
Luxemburgo
81%
Mónaco
81%
Mongolia
81%
Montenegro
81%
República Centroafricana
81%
República Dominicana
81%
San Cristóbal y Nieves
81%
Somalia
81%
Angola
78%
Barbados
78%
Camboya
78%
Comoras
78%
Eslovaquia
78%
Etiopía
78%
Georgia
78%
Honduras
78%
Islas Salomón
78%
Jordania
78%
Marruecos
78%
Países Bajos
78%
San Marino
78%
Burkina Faso
76%
Cabo Verde
76%
Ciudad del Vaticano
76%
Guinea Ecuatorial
76%
Indonesia
76%
Mauricio
76%
Santo Tomé y Príncipe
76%
Tonga
76%
Costa de Marfil
73%
Costa Rica
73%
Dominica
73%
Mozambique
73%
Timor Oriental
73%
Macedonia del Norte
68%
Samoa
68%
Estados Federados de Micronesia
65%
Palaos
65%
Gabón
62%
Sierra Leona
62%
Trinidad y Tobago
62%
No se encontraron pruebas coincidentes
Distribución de puntuación
Porcentaje de gente con cada puntuación
Porcentaje por número respondido
Historial de tus puntuaciones
No has intentado esta prueba desde el último reinicio